| 000 | 00638naa a2200205 i 4500 | ||
|---|---|---|---|
| 001 | 88147 | ||
| 003 | ES-MaBCM | ||
| 005 | 20241016125433.0 | ||
| 008 | 021203s2002 esp 000 0 spa d | ||
| 021 | _axx | ||
| 035 | _a(OCoLC)1365115356 | ||
| 040 | _cES-MaBCM | ||
| 041 | 0 | _aspa | |
| 043 | _aesp | ||
| 245 | 0 | 0 |
_aEntrevista con Jaime Mayor Oreja _b: la tenacidad es la clave para la regeneración moral de España |
| 651 | 2 | 4 |
_aPaís Vasco _9115450 |
| 650 | 2 | 7 |
_aSituación política _960283 |
| 773 | 0 |
_aEn: _tCuenta y razón del pensamiento actual _dMadrid : 2002 _gn. 125, jun.-jul., p. 29-32. - Loc. S.38 _w105130 |
|
| 942 | _cAREV | ||
| 999 |
_c88147 _d88147 |
||